Application of economic analysis to transportation problems
Guardado en:
| Autor Corporativo: | |
|---|---|
| Formato: | Libro |
| Lenguaje: | inglés |
| Publicado: |
Washington, D.C
TRB
1975
|
| Colección: | Transportation Research Record, 550
|
| Materias: | |
| Etiquetas: |
Agregar Etiqueta
Sin Etiquetas, Sea el primero en etiquetar este registro!
|
MARC
| LEADER | 00000nam a2200000 a 4500 | ||
|---|---|---|---|
| 001 | UCU6630 | ||
| 003 | CL-VaPUC | ||
| 005 | 20211026074143.0 | ||
| 008 | 960621e19750000us 1 eng d | ||
| 082 | 0 | 4 | |a 388.404 |b NAT |2 21 |
| 110 | 2 | |a National Research Council |e author |9 617852 | |
| 245 | 1 | 0 | |a Application of economic analysis to transportation problems |
| 260 | |a Washington, D.C |b TRB |c 1975 | ||
| 300 | |a 67 p | ||
| 490 | 0 | |a Transportation Research Record, 550 | |
| 583 | |a last modification |c 19960621 00:00:00 |k Rodrigo Vera | ||
| 650 | 0 | 0 | |a Tráfico |9 263653 |
| 650 | 0 | 7 | |a TRANSPORTE |2 CL-VaPUC |9 256365 |
| 650 | 0 | 7 | |a ECONOMIA DEL TRANSPORTE |2 CL-VaPUC |9 357664 |
| 650 | 0 | 0 | |a Carreteras |9 260132 |
| 942 | |c BK | ||
| 945 | |a lriquelm |d 19960621 00:00:00 | ||
| 546 | |a En Inglés | ||
| 518 | |p Annual Meeting of the Transportation Research Board, 54, Washington, 1975 | ||
| 999 | |c 382677 |d 382675 | ||